Paris : Les odonymes se référant à des batailles 2 - Statistiques

Statistiques générales
  • Ce quiz a été pris 11 fois
  • Le résultat moyen est 7 sur 29
Statistiques - réponses
Hint Réponse % Correct
Somme 1916
78%
Douaumont 1916
67%
Verdun 1916
67%
Iéna 1806
56%
Eylau 1807
56%
Valmy 1792
44%
Rivoli 1797
33%
Malakoff 1855
33%
Crimée 1855/1856
33%
Magenta 1859
33%
Fort de Vaux 1916
33%
Calais 1346/1647
22%
Arcole 1796
22%
Magdebourg 1806
22%
Sfax 1881
22%
Cérisoles 1544
11%
Alma 1854
11%
Odessa 1854
11%
Palestro 1859
11%
Rambervillers 1870
11%
Bitche 1870/1871
11%
Wattignies 1793
0%
Tlemcen 1836
0%
Isly 1844
0%
Sébastopol 1854/1855
0%
Traktir 1855
0%
Turbigo 1859
0%
Dobropol 1918
0%
Garigliano 1944
0%
Aucun quiz correspondant
Distribution des résultats
% des personnes avec chaque résultat
Percentile par nombre de réponses
Votre historique - résultats
Vous n’avez pas pris ce quiz